Music Quiz

Random Music or Lyrics Quiz

Movies in Song Lyrics Quiz Stats

 Plays Quiz Updated Oct 29, 2017

Score 0/30 Timer 09:00
5 Plays Today
% Correct
The Kid
85.3%
Babe
80.9%
Spotlight
76.9%
Rear Window
75.2%
Grease
73.1%
Ghost
72.9%
King Kong
72.7%
Heat
69.6%
Inside Out
69.3%
Home Alone
69%
Stand By Me
68.3%
Chinatown
68%
The Sound Of Music
67.8%
City Lights
66.9%
Traffic
66.4%
% Correct
Life Is Beautiful
66.3%
Rocky
65.8%
The Thing
65.7%
Gravity
64.9%
Being There
61%
West Side Story
58%
The Conversation
57.4%
Frozen
57%
Vertigo
55.5%
Up
52.2%
The Room
50.8%
The Help
50.3%
The Sting
49.4%
Star Wars
45.5%
A Star Is Born
40.5%

You're not logged in!

Compare scores with friends on all Sporcle quizzes.
OR
Log In

You Might Also Like...

Show Comments

Extras

Top Quizzes Today


Score Distribution

Your Account Isn't Verified!

In order to create a playlist on Sporcle, you need to verify the email address you used during registration. Go to your Sporcle Settings to finish the process.

Report this User

Report this user for behavior that violates our Community Guidelines.

Details: